2010 NCAA Men's Basketball Tournament - Statistics

General Stats
  • This quiz has been taken 234 times
  • The average score is 8 of 16
Answers on the Map
Answers color-coded by a green-red scale on the quiz's map according to % correct below.
 
Answer Stats
Team % Correct
Duke
97%
Kentucky
82%
Michigan State
81%
Butler
74%
Ohio State
61%
Syracuse
51%
Baylor
46%
Kansas State
45%
Tennessee
44%
West Virginia
41%
Xavier
39%
Purdue
37%
Washington
29%
Northern Iowa
17%
Cornell
13%
Saint Mary's
12%
No matching quizzes found
Score Distribution
Percent of People with Each Score
Percentile by Number Answered
Your Score History
You have not taken this quiz